000 00702nam a2200241Ia 4500
003 OSt
005 20220923213843.0
006 a|||||r|||| 00| 0
007 ta
008 220922b |||||||| |||| 00| 0 hin d
024 _a165,186
037 _cTextual
040 _aARTS
_cARTS
_bhin
041 _2hin
_ahin
082 _aO152,1:gN5, L6
100 _aसहगल, शशि
245 0 _aनयी कविता में मूल्य बोध
246 _aNayī kavitā mean mūlya bodha
260 _c1976
650 _aहिन्दी साहित्य
_9156264
942 _hO152,1:gN5, L6
_cTEXL
_2CC
999 _c319665
_d319665